000 00923nam a22002897a 4500
001 BR9404945
003 BR-BrBNA
005 20230928094254.0
007 ta
008 230509b bl.||||| |||| 00| 0 por d
040 _aBR-BrBNA
_bpor
_cBiblioteca Nacional de Agricultura
041 _a(Por)
072 _aF03
_b1956
_b3575
090 _ 1956 BR9404945
100 1 _aAlexandre, A.D.
110 1 _aEscola Superior de Agricultura Luiz de Queiroz, Piracicaba, SP (Brasil)
_0Tese (Mestre em Agronomia)
245 1 _aMesa gravitacional e qualidade de sementes de ervilhaca comum (Vieia sativa L.)
260 3 _aPiracicaba, SP (Brasil):
_c1994.
300 _a65 p.
500 _a36 graphs; Summaries (Eng, Por); Bibliography p. 53-65 (64 ref.)
650 _aErvilhaca
650 _aSemente
650 _aTeste de Sementes
650 _aAnalise Qualitativa
909 _a202309
_bLucia
_c55
_dLucia Elande
942 _cBK
999 _c49774
_d49774